1671 1200 1110 1926 1979 1128 1362 1887 1276 1629 1557 1255 1460 1298 1251 1181 1915 1206 1496 1752 1213 1302 1761 1563 1490 1640 1060 1337 1311 1619 1859 1486 1182 1799 1826 1153 1430 1613 1644 1226 1368 1180 1763 1950 1153 1637 1369 1785 1816 1231 1133 1680 1841 1753 1469 1619 1847 1267 1317 1684 1786 1482 1444 1708 1850 1902 1323 1546 1874 1648 1279 1181 1065 1735 1665 1853 1740 1606 1601 1444 1251 1433 1927 1737 1278 1144 1651 1683 1773 1098 1837 1889 1285 1761 1807 1336 1550 1632 1748 BCNSPRNW ULIB Ver.6.0+V

เปลี่ยนเป็นภาษาไทย

Change to English
 แสดงรายละเอียดบรรณานุกรม
  กลับหน้าหลัก

Brief Record : Get Marc (ISO 2709) : E-mail record : QR code < ปิดหน้าต่าง
LEADER : 00000nam 2200000uu 4500
001    13399122764
003     ULIB
008    020711s2555 th a 000 0 tha d
020    9786163054906
060  4 WS113^bพ713ล
100    พิภพ จิรภิญโญ
245    คัมภีร์เลี้ยงลูกให้เก่งและดี ดีกรีฮาร์วาร์ด :^bเลี้ยงลูกผ่าน E-mail /^cพิภพ จิรภิญโญ
246 21 เลี้ยงลูกผ่าน E-mail
250    พิมพ์ครั้งที่ 1
260    กรุงเทพฯ^bอมรินทร์,^c2555
300    193 หน้า
500    หนังสือชุด คัมภีร์เลี้ยงลูกให้เก่งและดี ดีกรีฮาร์วาร์ด มี 4 เล่ม คือพื้นฐานในการเลี้ยงลูกให้เก่งและดี,Lovely DNA สายพันธุ์แห่งรัก,เลี้ยงลูกผ่าน E-mail,สายพันธุ์แห่งรักในฮาร์วาร์ด
650  7 เลี้ยงลูก
710 1  มหาวิทยาลัยมหิดล.^bคณะแพทยศาสตร์ศิริราชพยาบาล.^bภาควิชากุมารเวชศาสตร์
945    ^p160^l0^i20212
999    ^aทศพร
รายการนี้ยังไม่มีแท็ก
คุณยังไม่ได้ล็อกอิน คุณสามารถมีกิจกรรมร่วมกับเว็บไซต์ได้ แต่ต้องล็อกอินก่อน ::
  ล็อกอิน

รายการสื่อสารสนเทศ

ลำดับที่ ประเภท เลขเรียก/บาร์โค้ด สถานที่ สถานะ
1. วิทยาศาสตร์การแพทย์ และสุขภาพ
วิทยาศาสตร์การแพทย์ และสุขภาพ
สถานะ=หนังสือเก่า
WS113 พ713ล ฉ.1 
  Barcode: 20212
ห้องสมุดวิทยาเขตนครสวรรค์
►ส่วนจัดเก็บหนังสือเก่า นว.
บนชั้น
  ขอยืม

รายการใกล้เคียง
    ผู้แต่ง [พิภพ จิรภิญโญ]

    หัวเรื่อง [เลี้ยงลูก]

BibComment


ยังไม่เคยถูกคอมเมนท์

คอมเมนท์ทรัพยากรรายการนี้
  คอมเมนท์: คัมภีร์เลี้ยงลูกใ..


 Copyright 2026. Bcnsprnw @Library